000 00657nam a2200253Ia 4500
005 20260121161228.0
008 008 260114s9999 xx 000 0 eng d
020 _a9781003242819
037 _aEBOOK
040 _aCRL
040 _beng
040 _cCRL
041 _2eng
041 _aeng
084 _qCRL
100 _aWill Hughes
_91041811
245 0 _aWorking with Violent Men:From Resistance to Change Talk in Probation Domestic Abuse Programmes
260 _bTaylor and Francis
260 _c2024
856 _uhttp://www.taylorfrancis.com/books/9781003242819
942 _cEBOOK
999 _c1608627
_d1608627